| 000 | 00450nam a2200145Ia 4500 | ||
|---|---|---|---|
| 008 | 180627s9999 xx 000 0 und d | ||
| 020 | _a9786219524209 | ||
| 100 | _aDomingo, Andrix D. | ||
| 245 |
_aObligations and contracts: _bLaws, Principles, and Jurisprudence / |
||
| 250 | _a2015 ed | ||
| 260 |
_aBenguet City: _bCoaching _c2015 |
||
| 300 | _aiii, 718 pages | ||
| 650 | _aContracts -- Philippines | ||
| 650 | _aObligations ( law ) -- Philippines | ||
| 999 |
_c358074 _d358074 |
||